[Event "DEN-chT 2122 59th"]
[Site "Denmark"]
[Date "2022.02.27"]
[Round "7.4"]
[White "Hallundbaek, Aksel Wetke"]
[Black "Nordenbaek, Jan"]
[Result "0-1"]
[WhiteElo "2099"]
[BlackElo "2157"]
[PlyCount "102"]
[EventDate "2021.10.30"]
[EventType "team-tourn"]
[EventRounds "9"]
[EventCountry "DEN"]
[SourceTitle "EXT 2023"]
[Source "ChessBase"]
[SourceDate "2022.10.05"]
[SourceVersion "1"]
[SourceVersionDate "2022.10.05"]
[SourceQuality "1"]
[WhiteTeam "Obro"]
[BlackTeam "Hillerod"]
[WhiteTeamCountry "DEN"]
[BlackTeamCountry "DEN"]

1. e4 e5 2. Nf3 Nc6 3. Bc4 Nf6 4. d3 Bc5 5. c3 0-0 6. 0-0 d5 7. exd5 Nxd5 8. b4 Be7 9. Qb3 Nb6 10. Re1 Nxc4 11. dxc4 Be6 12. Nbd2 f6 13. b5 Na5 14. Qa4 c5 15. bxc6 Nxc6 16. Ba3 Re8 17. Rad1 Qa5 18. Qxa5 Nxa5 19. Bxe7 Rxe7 20. c5 Rc8 21. Ne4 h6 22. Nh4 Kh7 23. h3 Rd7 24. Rd6 Rxd6 25. cxd6 b6 26. f4 Nc4 27. Nf3 Bd5 28. fxe5 fxe5 29. Nfd2 Nxd2 30. Nxd2 Rd8 31. Rxe5 Rxd6 32. Nb3 Bxb3 33. axb3 Rd3 34. Re7 Rxc3 35. Rxa7 Rxb3 36. Rb7 Kg6 37. Kf2 h5 38. h4 Kf6 39. Ke2 g6 40. Kf2 Kf5 41. Rf7+ Ke5 42. Rg7 Kf6 43. Rb7 b5 44. Ke2 Kf5 45. Rb6 Rb1 46. Kf3 Rb3+ 47. Ke2 b4 48. Rb5+ Kf4 49. Rb6 Rb2+ 50. Kf1 b3 51. Rxg6 Rc2 0-1